The Seven Tributaries of Koshi, Nepal - Statistics

General Stats
  • This quiz has been taken 68 times
  • The average score is 6 of 7
Answer Stats
River % Correct
Arun Khola
93%
Dudh Koshi
93%
Sun Koshi
93%
Tama Koshi
93%
Tamur Khola
79%
Likhu Khola
71%
Indrawati
50%
No matching quizzes found
Score Distribution
Percent of People with Each Score
Percentile by Number Answered
Your Score History
You have not taken this quiz